000 00381pam a2200157a 44500
008 230515b1991 xxu||||| |||| 00| 0 eng d
020 _aNULL
041 _aENGLISH
082 _aDUG/PUR
100 _aPURI U. P. / DUGGAL
245 _aLABORATORY MANUAL IN HIGHWAY ENGINEERING
250 _aNULL
260 _aNULL
_bWILEY INDIA PVT
_c1991
300 _a59 PB
650 _aNULL
999 _c623729
_d623729